00920cam a2200265 i 450000100090000000300040000900500170001300800410003001000170007102000230008804000280011104200080013905000250014708200210017210000330019324500610022626400430028730000230033033600260035333700280037933800270040750400530043460000310048777601360051820577543OSt20210803195930.0180710s2019 ilu b 001 0deng  a 2018030461 a9781433565045 (tp) aDLCbengcDLCerdadDLC apcc00aBS2506.3b.P485 201900a242.5223bP665W1 aPiper, John,d1946-eauthor.10aWhy I love the Apostle Paul :b30 reasons /cJohn Piper. 1aWheaton, Illinois :bCrossway,c[2019] a204 pages ;c20 cm atextbtxt2rdacontent aunmediatedbn2rdamedia avolumebnc2rdacarrier aIncludes bibliographical references and indexes.00aPaul,cthe Apostle, Saint.08iOnline version:aPiper, John, 1946- author.tWhy I love the Apostle PauldWheaton : Crossway, 2019z9781433565052w(DLC) 2018047909